BIBLIOTECA PODER JUDICIAL
Portal Judicial TDF

De la doble instancia / (Registro nro. 6319)

000 -LEADER
fixed length control field 01347nabaa22002057a 4500
003 - CONTROL NUMBER IDENTIFIER
control field OSt
005 - DATE AND TIME OF LATEST TRANSACTION
control field 20260130195520.0
008 - FIXED-LENGTH DATA ELEMENTS--GENERAL INFORMATION
fixed length control field 190701b xxu||||| |||| 00| 0 spa d
040 ## - CATALOGING SOURCE
Transcribing agency PJ
100 ## - MAIN ENTRY--PERSONAL NAME
9 (RLIN) 6994
Personal name Kirpach, María Belén
245 13 - TITLE STATEMENT
Title De la doble instancia /
Statement of responsibility, etc María Belén Kirpach.
300 ## - PHYSICAL DESCRIPTION
Extent p. 56-76
500 ## - GENERAL NOTE
General note Cita: TR LALEY AR/DOC/2596/2025
505 ## - FORMATTED CONTENTS NOTE
Formatted contents note Sumario: I. Organización judicial. Los sistemas de política recursiva.— II. De la conveniencia de la instancia única o plural. Opiniones en doctrina.— III. De las limitaciones a la procedencia apelatoria en el Cód. Proc. Civ. y Com. de la provincia de Santa Fe.— IV. Acerca de la determinación del agravio mínimo en la provincia de Santa Fe.— V. De la doble instancia como garantía constitucional y convencional. Constitucionalidad de la restricción impugnativa.— VI. Doctrina que considera a la doble instancia como garantía.— VII. De la convencionalidad de la inapelabilidad.— VIII. A modo de colofón.
505 ## - FORMATTED CONTENTS NOTE
Title ¿Te interesa el texto completo? Comunicate al correo: koha@justierradelfuego.gov.ar
650 #0 - SUBJECT ADDED ENTRY--TOPICAL TERM
9 (RLIN) 211
Topical term or geographic name as entry element DERECHO ADMINISTRATIVO
650 #0 - SUBJECT ADDED ENTRY--TOPICAL TERM
Topical term or geographic name as entry element DOBLE INSTANCIA
9 (RLIN) 2649
773 0# - HOST ITEM ENTRY
Host Biblionumber 2842
Host Itemnumber 3251
Place, publisher, and date of publication Buenos Aires : AbeledoPerrot, 2012-
Other item identifier DA121
Title Derecho administrativo. Nº 162 noviembre/diciembre 2025
International Standard Book Number 18510590
942 ## - ADDED ENTRY ELEMENTS (KOHA)
Source of classification or shelving scheme
Koha item type Analítica Artículo de Revista

No hay ítems disponibles.

12 de Octubre 789 Ushuaia - Tel:  54(02901)441571
Horario de Atención: 8.00 a 17.00 hs. 
bibliotecaush@justierradelfuego.gov.ar
koha@justierradelfuego.gov.ar
Seguinos en nuestras redes @bibliojustdf 

Con tecnología Koha